Personajes de Stranger Things por imágenes - Estadísticas

Estadísticas generales
  • Esta prueba ha sido intentada 245 veces
  • La puntuación promedio es 25 de 32
Estadísticas de respuestas
Imagen Respuesta % Correcto
Max Mayfield
99%
Mike Wheeler
99%
Once|Jane Hopper
99%
Will Byers
99%
Jim Hopper
97%
Nancy Wheeler
97%
Steve Harrington
97%
Dustin Henderson
96%
Lucas Sinclair
96%
Demogorgon
92%
Vecna
92%
Jonathan Byers
91%
Joyce Byers
89%
Billy Hargrove
87%
Robin Buckley
86%
Azotamentes
85%
Eddie Munson
85%
Erica Sinclair
85%
Barbara Holland
83%
Kali Prasad
82%
Bob Newby
81%
Holly Wheeler
81%
Derek Turnbow
75%
Martin Brenner
75%
Murray Bauman
68%
Alexei
55%
Karen Wheeler
51%
Enzo
45%
Ted Wheeler
44%
Argyle
42%
Vickie Dunne
38%
Scott Clarke
31%
No se encontraron pruebas coincidentes
Distribución de puntuación
Porcentaje de gente con cada puntuación
Porcentaje por número respondido
Historial de tus puntuaciones
No has intentado esta prueba.